A MANUAL ON CLINICAL SURGERY (Record no. 58126)
[ view plain ]
| 000 -LEADER | |
|---|---|
| fixed length control field | 00402nam a22001817a 4500 |
| 008 - FIXED-LENGTH DATA ELEMENTS--GENERAL INFORMATION | |
| fixed length control field | 240207b |||||||| |||| 00| 0 eng d |
| 020 ## - ISBN | |
| International Standard Book Number | 9789356960756 |
| 040 ## - CATALOGING SOURCE | |
| Original cataloging agency | IIMT Ayurveda Medical College and Hospital(0669) |
| 082 ## - DDC NUMBER | |
| Classification number | 617.3 DAS |
| 100 ## - MAIN ENTRY--PERSONAL NAME | |
| Personal name | DAS , S |
| 110 ## - MAIN ENTRY--CORPORATE NAME | |
| Department | AYURVEDA |
| 245 ## - TITLE STATEMENT | |
| Title | A MANUAL ON CLINICAL SURGERY |
| 250 ## - EDITION STATEMENT | |
| Edition statement | 16 TH |
| 260 ## - PUBLICATION, DISTRIBUTION, ETC. (IMPRINT) | |
| Place of publication, distribution, etc | NEW DELHI |
| Name of publisher, distributor, etc | JAYPEE |
| Date of publication, distribution, etc | 2022 |
| 300 ## - PHYSICAL DESCRIPTION | |
| Pages | 648 |
| 650 ## - Subject | |
| Subject | SURGERY |
| 942 ## - ADDED ENTRY ELEMENTS (KOHA) | |
| Koha item type | Text-Book- for 7 days |
| 952 ## - LOCATION AND ITEM INFORMATION (KOHA) | |
| -- | 2025-10-29 |
| -- | 2024-02-07 |
| 952 ## - LOCATION AND ITEM INFORMATION (KOHA) | |
| -- | 2024-02-07 |
| 952 ## - LOCATION AND ITEM INFORMATION (KOHA) | |
| -- | 2024-02-07 |
| Withdrawn status | Lost status | Source of classification or shelving scheme | Damaged status | Not for loan | Location (home branch) | Sublocation or collection (holding branch) | Date acquired | Source of Acquisition | Koha issues (times borrowed) | Koha full call number | Accession No. | Koha date last seen | Koha item type |
|---|---|---|---|---|---|---|---|---|---|---|---|---|---|
| IIMT Ayurveda Medical College and Hospital(0669) | IIMT Ayurveda Medical College and Hospital(0669) | 01/24/2024 | JAYPEE | 12 | 617.3 DAS | 30-B-6080 | 10/29/2025 | Text-Book- for 7 days | |||||
| IIMT Ayurveda Medical College and Hospital(0669) | IIMT Ayurveda Medical College and Hospital(0669) | 01/24/2024 | JAYPEE | 617.3 DAS | 30-B-6081 | 02/07/2024 | Text-Book- for 7 days | ||||||
| IIMT Ayurveda Medical College and Hospital(0669) | IIMT Ayurveda Medical College and Hospital(0669) | 01/24/2024 | JAYPEE | 617.3 DAS | 30-B-6082 | 02/07/2024 | Text-Book- for 7 days |

